[Event "Titled Tuesday intern op 05th Dec Late"]
[Site "Chess.com INT"]
[Date "2023.12.05"]
[Round "9"]
[White "Krzyzanowski, Marcin"]
[Black "Zakarian, David"]
[Result "1/2-1/2"]
[WhiteElo "2512"]
[BlackElo "2297"]
[PlyCount "121"]
[EventDate "2023.12.05"]
[EventType "swiss (blitz)"]
[EventRounds "11"]
[EventCountry "USA"]
[SourceTitle "EXT 2025"]
[Source "ChessBase"]
[SourceDate "2024.10.14"]
[SourceVersion "1"]
[SourceVersionDate "2024.10.14"]
[SourceQuality "1"]

1. e4 Nc6 2. Nf3 d6 3. d4 Nf6 4. Nc3 Bg4 5. Be3 e6 6. h3 Bh5 7. g4 Bg6 8. Bd3 d5 9. e5 Nd7 10. Ne2 Bxd3 11. Qxd3 Nb4 12. Qd2 c5 13. c3 Nc6 14. Nf4 cxd4 15. Bxd4 Nxd4 16. cxd4 Rc8 17. Kf1 Be7 18. h4 Qb6 19. Kg2 0-0 20. Rac1 f6 21. Rxc8 Rxc8 22. Qe3 fxe5 23. Nxe5 Nxe5 24. Qxe5 Bf6 25. Qxe6+ Qxe6 26. Nxe6 Rc2 27. g5 Be7 28. Re1 Kf7 29. Nf4 Rxb2 30. Nxd5 Bd6 31. Ne3 Rxa2 32. Nf5 Bf8 33. Rc1 Rd2 34. Rc7+ Kg6 35. Rxb7 Kxf5 36. Rf7+ Kg6 37. Rxf8 Rxd4 38. Kg3 a5 39. Ra8 a4 40. Ra5 Rb4 41. f4 Kh5 42. g6+ Kxg6 43. h5+ Kh6 44. Kg4 g6 45. hxg6 Kxg6 46. Ra6+ Kg7 47. Kg5 Rb5+ 48. f5 h6+ 49. Kg4 Kf7 50. Rxh6 Ra5 51. Kg5 a3 52. Rh7+ Kg8 53. Rh1 a2 54. Ra1 Kf7 55. Kf4 Kf6 56. Ke4 Ra4+ 57. Kd3 Kxf5 58. Kc3 Ke5 59. Kb3 Ra5 60. Rxa2 Rxa2 61. Kxa2 1/2-1/2

[Event "Titled Tuesday intern op 05th Dec Late"]
[Site "Chess.com INT"]
[Date "2023.12.05"]
[Round "11"]
[White "Zakarian, David"]
[Black "Agibileg, Uurtsaikh"]
[Result "0-1"]
[WhiteElo "2297"]
[BlackElo "2445"]
[PlyCount "70"]
[EventDate "2023.12.05"]
[EventType "swiss (blitz)"]
[EventRounds "11"]
[EventCountry "USA"]
[SourceTitle "EXT 2025"]
[Source "ChessBase"]
[SourceDate "2024.10.14"]
[SourceVersion "1"]
[SourceVersionDate "2024.10.14"]
[SourceQuality "1"]

1. e4 e5 2. f4 d5 3. exd5 exf4 4. Nf3 Nf6 5. Bc4 Nxd5 6. 0-0 Be6 7. Bb3 c5 8. d3 g5 9. Qe1 Nc6 10. Nc3 Nc7 11. Ne4 h6 12. Qc3 Nd4 13. Nxd4 Qxd4+ 14. Qxd4 cxd4 15. h4 Be7 16. Bd2 0-0-0 17. Rae1 Bxb3 18. axb3 Nd5 19. c3 f5 20. Nf2 Bf6 21. Re6 Rhe8 22. Rfe1 Rxe6 23. Rxe6 Kd7 24. Rxf6 Nxf6 25. hxg5 hxg5 26. Nh3 Rg8 27. cxd4 Ke6 28. Kf2 Kd5 29. Ng1 Ng4+ 30. Ke2 Re8+ 31. Kd1 Kxd4 32. Nf3+ Kxd3 33. Nxg5 Nf2+ 34. Kc1 Rc8+ 35. Bc3 Ne4 0-1

[Event "Titled Tuesday intern op 05th Dec Late"]
[Site "Chess.com INT"]
[Date "2023.12.05"]
[Round "8"]
[White "Zakarian, David"]
[Black "Vazquez, Facundo"]
[Result "1-0"]
[WhiteElo "2297"]
[BlackElo "2381"]
[PlyCount "109"]
[EventDate "2023.12.05"]
[EventType "swiss (blitz)"]
[EventRounds "11"]
[EventCountry "USA"]
[SourceTitle "EXT 2025"]
[Source "ChessBase"]
[SourceDate "2024.10.14"]
[SourceVersion "1"]
[SourceVersionDate "2024.10.14"]
[SourceQuality "1"]

1. f4 Nf6 2. Nf3 g6 3. d3 Bg7 4. e4 0-0 5. g3 d5 6. e5 Nfd7 7. Bg2 f6 8. d4 fxe5 9. Nxe5 Nxe5 10. dxe5 e6 11. 0-0 c5 12. c4 d4 13. Nd2 Nc6 14. Ne4 Qe7 15. b3 Bd7 16. Nf2 Rab8 17. Nd3 Rfd8 18. Ba3 b6 19. Rc1 g5 20. Qh5 Be8 21. Qg4 h5 22. Qe2 g4 23. Rce1 Rbc8 24. Be4 Bf7 25. Qg2 Na5 26. f5 exf5 27. Bxf5 Rb8 28. Bc1 b5 29. cxb5 c4 30. bxc4 Nxc4 31. e6 Be8 32. a4 Ne3 33. Qe4 Nxf1 34. Rxf1 Kh8 35. Bg6 Rd6 36. Nf4 d3 37. Ba3 Rbd8 38. Bxe8 Qxe8 39. e7 R8d7 40. Bxd6 Rxd6 41. Nxd3 Rf6 42. Re1 Rf3 43. Ne5 Rf6 44. Ng6+ Kg8 45. Nf4 Bh6 46. Nxh5 Rd6 47. Qxg4+ Kh7 48. Qf5+ Kg8 49. Nf6+ Rxf6 50. Qxf6 Bg7 51. Qe6+ Kh7 52. Qe4+ Kg8 53. Qd5+ Kh7 54. Qd3+ Kg8 55. Qd8 1-0